书目信息 |
| 题名: |
传感器简明手册及应用电路
|
|
| 作者: | 刘畅生 , 钟龙 , 刘煦 编著 | |
| 分册: | 压力传感器手册 | |
| 出版信息: | 西安 西安电子科技大学出版社 2007.05 |
|
| 页数: | 330页 | |
| 开本: | 26cm | |
| 丛书名: | ||
| 单 册: | ||
| 中图分类: | TP212.11 | |
| 科图分类: | ||
| 主题词: | 温度传感器--wen du chuan gan qi | |
| 电子资源: | ||
| ISBN: | 978-7-5606-1763-3 | |
| 000 | 01231nam0 2200313 450 | |
| 001 | 012008621298 | |
| 005 | 20080602163527.04 | |
| 010 | @a978-7-5606-1763-3@dCNY32.00 | |
| 100 | @a20080602d2007 em y0chiy0120 ea | |
| 101 | 0 | @achi |
| 102 | @aCN@b610000 | |
| 105 | @aa a 000yy | |
| 106 | @ar | |
| 200 | 1 | @a传感器简明手册及应用电路@Achuan gan qi jian ming shou ce ji ying yong dian lu@i压力传感器手册@f刘畅生 ... [等] 编著@Fliu chang sheng...[deng]bian zhu |
| 210 | @a西安@c西安电子科技大学出版社@d2007.05 | |
| 215 | @a330页@c图@d26cm | |
| 304 | @a题名页题: 刘畅生, 钟龙, 刘煦, 贾静编著 | |
| 312 | @a英文并列题名取自封面 | |
| 320 | @a有书目 (第330页) | |
| 330 | @a本书主要介绍了各种常用的新型压力传感器及其应用电路。内容涉及各种压力传感器的特点、技术指标、主要参数、引脚说明、等效电路等内容。 | |
| 510 | 1 | @aSensor concise manual and their application sircuits@iPressure sensor fascicule@zeng |
| 517 | 1 | @a压力传感器手册@Aya li chuan gan qi shou ce |
| 606 | 0 | @a温度传感器@Awen du chuan gan qi |
| 690 | @aTP212.11@v4 | |
| 701 | 0 | @a刘畅生@Aliu chang sheng@4编著 |
| 701 | 0 | @a钟龙@Azhong long@4编著 |
| 701 | 0 | @a刘煦@Aliu xu@4编著 |
| 801 | 0 | @aCN@bQSSK@c20080602 |
| 905 | @b721170-71@dTP212.11@eL596@f2 | |
| 传感器简明手册及应用电路.压力传感器手册/刘畅生 ... [等] 编著.-西安:西安电子科技大学出版社,2007.05 |
| 330页:图;26cm |
| ISBN 978-7-5606-1763-3:CNY32.00 |
| 本书主要介绍了各种常用的新型压力传感器及其应用电路。内容涉及各种压力传感器的特点、技术指标、主要参数、引脚说明、等效电路等内容。 |
| ● |
| 相关链接 |
|
|
|
正题名:传感器简明手册及应用电路
索取号:TP212.11/L596
 
预约/预借
| 序号 | 登录号 | 条形码 | 馆藏地/架位号 | 状态 | 备注 |
| 1 | 721170 | 207211701 | 自科库301/301自科库 40排3列2层/ [索取号:TP212.11/L596] | 在馆 | |
| 2 | 721171 | 207211710 | 自科库301/301自科库 40排3列2层/ [索取号:TP212.11/L596] | 在馆 |